Statistics for All Premier League Goalscorers 2021/22

Click here to take the quiz!

General Stats

  • This quiz has been taken 56 times
    (21 since last reset)
  • The average score is 138 of 284

Answer Stats

ClubNationGoalsPlayer% Correct
ChelseaUnited States6Christian Pulisic
94%
LiverpoolPortugal15Diogo Jota
94%
LiverpoolBrazil5Fabinho
94%
ChelseaItaly6Jorginho
94%
ChelseaGermany8Kai Havertz
94%
LiverpoolColombia4Luis Diaz
94%
ChelseaEngland11Mason Mount
94%
LiverpoolEgypt23Mohamed Salah
94%
LiverpoolGuinea3Naby Keita
94%
ArsenalGabon4Pierre-Emerick Aubameyang
94%
LiverpoolBrazil5Roberto Firmino
94%
ChelseaBelgium8Romelu Lukaku
94%
Manchester CityPortugal2Ruben Dias
94%
LiverpoolSenegal16Sadio Mane
94%
ChelseaGermany4Timo Werner
94%
Manchester CityPortugal8Bernardo Silva
88%
Manchester UnitedPortugal10Bruno Fernandes
88%
ArsenalEngland11Bukayo Saka
88%
BurnleyWales1Connor Roberts
88%
Manchester UnitedPortugal18Cristiano Ronaldo
88%
ArsenalSwitzerland1Granit Xhaka
88%
ChelseaMorocco4Hakim Ziyech
88%
Tottenham HotspurSouth Korea23Heung-Min Son
88%
Manchester CityBelgium15Kevin De Bruyne
88%
ArsenalScotland1Kieran Tierney
88%
ArsenalNorway7Martin Odegaard
88%
ChelseaCroatia2Mateo Kovacic
88%
Manchester CityNetherlands2Nathan Ake
88%
Manchester CityEngland9Phil Foden
88%
Manchester CityAlgeria11Riyad Mahrez
88%
Manchester CitySpain7Rodri
88%
ChelseaBrazil3Thiago Silva
88%
Leeds UnitedWales1Tyler Roberts
88%
LiverpoolNetherlands3Virgil Van Dijk
88%
LiverpoolScotland3Andrew Robertson
82%
ChelseaSpain1Cesar Azpilicueta
82%
LiverpoolBelgium3Divock Origi
82%
Manchester UnitedUruguay2Edinson Cavani
82%
ArsenalBrazil6Gabriel Martinelli
82%
Tottenham HotspurEngland17Harry Kane
82%
Manchester CityGermany8Ilkay Gundogan
82%
Manchester CityPortugal1Joao Cancelo
82%
LiverpoolCameroon3Joel Matip
82%
Manchester CityEngland1John Stones
82%
Manchester UnitedEngland4Marcus Rashford
82%
ChelseaFrance2N'Golo Kante
82%
ArsenalIvory Coast1Nicolas Pepe
82%
Manchester CityEngland13Raheem Sterling
82%
ArsenalFrance4Alexandre Lacazette
76%
ChelseaGermany3Antonio Rudiger
76%
ArsenalBrazil5Gabriel
76%
Manchester CityBrazil8Gabriel Jesus
76%
Manchester UnitedEngland1Harry Maguire
76%
Manchester UnitedEngland3Jadon Sancho
76%
Leicester CityEngland12James Maddison
76%
Leicester CityEngland15Jamie Vardy
76%
EvertonBrazil10Richarlison
76%
Manchester UnitedScotland1Scott McTominay
76%
LiverpoolJapan3Takumi Minamino
76%
ArsenalGhana2Thomas Partey
76%
Crystal PalaceIvory Coast14Wilfried Zaha
76%
Manchester CitySpain4Aymeric Laporte
71%
Leeds UnitedWales4Daniel James
71%
EvertonEngland5Dominic Calvert-Lewin
71%
Manchester CityBrazil2Fernandinho
71%
Manchester UnitedBrazil4Fred
71%
Manchester CityEngland3Jack Grealish
71%
LiverpoolEngland2Jordan Henderson
71%
ChelseaSpain4Marcos Alonso
71%
Aston VillaEngland11Ollie Watkins
71%
ChelseaEngland5Reece James
71%
LiverpoolSpain1Thiago Alcantara
71%
LiverpoolEngland2Trent Alexander-Arnold
71%
Newcastle UnitedFrance5Allan Saint-Maximin
65%
Manchester UnitedFrance1Anthony Martial
65%
BurnleyEngland1Ashley Barnes
65%
ChelseaEngland3Ben Chilwell
65%
ChelseaEngland1Callum Hudson-Odoi
65%
Aston VillaEngland7Danny Ings
65%
ArsenalEngland10Emile Smith Rowe
65%
Leicester CityEngland6Harvey Barnes
65%
BrentfordEngland12Ivan Toney
65%
Tottenham HotspurDenmark2Pierre-Emile Hojbjerg
65%
Aston VillaEngland1Tyrone Mings
65%
LiverpoolEngland2Alex Oxlade-Chamberlain
59%
Newcastle UnitedEngland8Callum Wilson
59%
ArsenalPortugal1Cedric Soares
59%
LiverpoolEngland1Curtis Jones
59%
Tottenham HotspurSweden5Dejan Kulusevski
59%
ArsenalEngland5Eddie Nketiah
59%
Manchester CitySpain2Ferran Torres
59%
SouthamptonEngland10James Ward-Prowse
59%
Newcastle UnitedBrazil4Joelinton
59%
Aston VillaJamaica1Leon Bailey
59%
Aston VillaPoland4Matty Cash
59%
Leeds UnitedEngland2Patrick Bamford
59%
Aston VillaBrazil5Philippe Coutinho
59%
Leeds UnitedBrazil11Raphinha
59%
WolvesMexico6Raul Jimenez
59%
Leeds UnitedSpain6Rodrigo
59%
Norwich CityFinland11Teemu Pukki
59%
West Ham UnitedCzech Republic5Tomas Soucek
59%
ChelseaEngland3Trevoh Chalobah
59%
Leicester CityBelgium6Youri Tielemans
59%
Leicester CityTurkey1Caglar Soyuncu
53%
SouthamptonScotland7Che Adams
53%
Tottenham HotspurArgentina1Cristian Romero
53%
Brighton & Hove AlbionEngland6Danny Welbeck
53%
West Ham UnitedEngland1Declan Rice
53%
Aston VillaBrazil2Douglas Luiz
53%
Tottenham HotspurBrazil1Emerson Royal
53%
Aston VillaArgentina4Emiliano Buendia
53%
Aston VillaEngland2Ezri Konsa
53%
Newcastle UnitedSwitzerland2Fabian Schar
53%
WolvesSouth Korea5Hwang Hee-Chan
53%
West Ham UnitedEngland12Jarrod Bowen
53%
Aston VillaScotland3John McGinn
53%
Crystal PalaceGhana3Jordan Ayew
53%
West Ham UnitedFrance1Kurt Zouma
53%
Brighton & Hove AlbionBelgium8Leandro Trossard
53%
West Ham UnitedJamaica10Michail Antonio
53%
Manchester UnitedFrance1Paul Pogba
53%
ArsenalEngland1Rob Holding
53%
West Ham UnitedAlgeria8Said Benrahma
53%
Brighton & Hove AlbionArgentina5Alexis Mac Allister
47%
Manchester UnitedSweden2Anthony Elanga
47%
Tottenham HotspurWales1Ben Davies
47%
Newcastle UnitedNew Zealand2Chris Wood
47%
BurnleyNew Zealand3Chris Wood
47%
Tottenham HotspurColombia2Davinson Sanchez
47%
Tottenham HotspurEngland1Dele Alli
47%
BurnleyEngland1James Tarkowski
47%
Manchester UnitedEngland2Jesse Lingard
47%
Leicester CityNigeria4Kelechi Iheanacho
47%
Brighton & Hove AlbionEngland1Lewis Dunk
47%
Brighton & Hove AlbionSpain1Marc Cucurella
47%
Tottenham HotspurIreland2Matt Doherty
47%
Aston VillaEngland1Matt Targett
47%
Brighton & Hove AlbionEcuador1Moises Caicedo
47%
Brighton & Hove AlbionFrance8Neal Maupay
47%
ArsenalPortugal1Nuno Tavares
47%
Brighton & Hove AlbionGermany2Pascal Gross
47%
Leicester CityZambia5Patson Daka
47%
Manchester UnitedFrance1Raphael Varane
47%
WolvesPortugal4Ruben Neves
47%
Tottenham HotspurNetherlands3Steven Bergwijn
47%
EvertonEngland1Tom Davies
47%
EvertonEngland4Anthony Gordon
41%
Newcastle UnitedBrazil5Bruno Guimaraes
41%
BrentfordFrance4Bryan Mbeumo
41%
Crystal PalaceBelgium4Christian Benteke
41%
BrentfordDenmark1Christian Eriksen
41%
WolvesEngland4Conor Coady
41%
Crystal PalaceEngland8Conor Gallagher
41%
Manchester UnitedNetherlands1Donny Van De Beek
41%
EvertonNetherlands1Donny Van De Beek
41%
Crystal PalaceEngland1Eberechi Eze
41%
Leeds UnitedEngland8Jack Harrison
41%
Crystal PalaceGhana4Jeffrey Schlupp
41%
WolvesPortugal2Joao Moutinho
41%
WolvesSpain2Jonny
41%
Leicester CityNorthern Ireland1Jonny Evans
41%
Tottenham HotspurBrazil2Lucas Moura
41%
Crystal PalaceEngland2Marc Guehi
41%
BurnleyIvory Coast9Maxwel Cornet
41%
EvertonEngland3Michael Keane
41%
WolvesPortugal1Pedro Neto
41%
WolvesFrance1Rayan Ait-Nouri
41%
EvertonIreland1Seamus Coleman
41%
Leicester CityBelgium1Timothy Castagne
41%
EvertonUkraine1Vitalii Mykolenko
41%
BrentfordDR Congo7Yoane Wissa
41%
Brighton & Hove AlbionMali1Yves Bissouma
41%
EvertonMali2Abdoulaye Doucoure
35%
WolvesSpain1Adama Traore
35%
Aston VillaNetherlands1Anwar El Ghazi
35%
SouthamptonAlbania6Armando Broja
35%
Leicester CitySpain2Ayoze Perez
35%
BurnleyEngland3Ben Mee
35%
EvertonEngland5Demarai Gray
35%
Brighton & Hove AlbionZambia2Enock Mwepu
35%
BrentfordJamaica1Ethan Pinnock
35%
WatfordSenegal5Ismaila Sarr
35%
Aston VillaEngland6Jacob Ramsey
35%
Newcastle UnitedEngland2Joe Willock
35%
Newcastle UnitedEngland2Kieran Trippier
35%
SouthamptonEngland1Kyle Walker-Peters
35%
EvertonEngland2Mason Holgate
35%
BurnleyCzech Republic2Matej Vydra
35%
Leeds UnitedPoland1Mateusz Klich
35%
Crystal PalaceFrance2Michael Olise
35%
Crystal PalaceFrance6Odsonne Edouard
35%
West Ham UnitedSpain6Pablo Fornals
35%
BrentfordSweden3Pontus Jansson
35%
Leicester CityPortugal1Ricardo Pereira
35%
ChelseaEngland1Ross Barkley
35%
EvertonVenezuela1Salomon Rondon
35%
SouthamptonIreland1Shane Long
35%
West Ham UnitedEngland2Aaron Cresswell
29%
SouthamptonEngland2Adam Armstrong
29%
EvertonNigeria2Alex Iwobi
29%
West Ham UnitedUkraine1Andriy Yarmolenko
29%
West Ham UnitedItaly1Angelo Ogbonna
29%
West Ham UnitedEngland1Ben Johnson
29%
BrentfordDenmark3Christian Norgaard
29%
West Ham UnitedEngland2Craig Dawson
29%
Brighton & Hove AlbionEngland1Dan Burn
29%
WolvesPortugal2Daniel Podence
29%
WatfordNigeria10Emmanuel Dennis
29%
SouthamptonPoland4Jan Bednarek
29%
BurnleyEngland2Jay Rodriguez
29%
Crystal PalaceFrance5Jean-Philippe Mateta
29%
Brighton & Hove AlbionNetherlands1Joel Veltman
29%
WatfordNorway5Joshua King
29%
Norwich CityUnited States2Joshua Sargent
29%
WolvesBelgium2Leander Dendoncker
29%
Leeds UnitedEngland2Luke Ayling
29%
Manchester UnitedEngland5Mason Greenwood
29%
Newcastle UnitedParaguay1Miguel Almiron
29%
Norwich CityKosovo1Milot Rashica
29%
SouthamptonNorway4Mohamed Elyounoussi
29%
SouthamptonSpain2Oriol Romeu
29%
BrentfordEngland3Rico Henry
29%
Brighton & Hove AlbionIreland1Shane Duffy
29%
SouthamptonScotland2Stuart Armstrong
29%
Leeds UnitedNorthern Ireland1Stuart Dallas
29%
BrentfordGermany4Vitaly Janelt
29%
BurnleyNetherlands2Wout Weghorst
29%
Brighton & Hove AlbionEngland2Adam Webster
24%
WatfordColombia5Cucho Hernandez
24%
Leeds UnitedSpain3Diego Llorente
24%
Norwich CityScotland1Grant Hanley
24%
Newcastle UnitedEngland1Jamaal Lascelles
24%
Crystal PalaceEngland1James Tomkins
24%
WatfordBrazil3Joao Pedro
24%
BurnleyEngland2Josh Brownhill
24%
West Ham UnitedArgentina5Manuel Lanzini
24%
Leicester CityEngland1Marc Albrighton
24%
BurnleyEngland1Matthew Lowton
24%
WatfordFrance2Moussa Sissoko
24%
West Ham UnitedCroatia1Nikola Vlasic
24%
WolvesMorocco2Romain Saiss
24%
Newcastle UnitedEngland1Sean Longstaff
24%
Tottenham HotspurSpain2Sergio Reguilon
24%
Tottenham HotspurFrance1Tanguy Ndombele
24%
SouthamptonEngland1Tino Livramento
24%
West Ham UnitedDR Congo1Arthur Masuaku
18%
WatfordIvory Coast1Hassane Kamara
18%
Newcastle UnitedEngland1Jacob Murphy
18%
Newcastle UnitedSpain1Javier Manquillo
18%
WatfordSlovakia1Juraj Kucka
18%
WatfordSlovakia1Juraj Kucka
18%
Leicester CityEngland1Kiernan Dewsbury-Hall
18%
Aston VillaEngland1Kortney Hause
18%
BrentfordNorway1Kristoffer Ajer
18%
Norwich CityNorway1Mathias Normann
18%
WolvesEngland1Max Kilman
18%
SouthamptonEngland1Nathan Redmond
18%
Leeds UnitedNetherlands1Pascal Struijk
18%
Newcastle UnitedScotland2Ryan Fraser
18%
BrentfordSpain3Sergi Canos
18%
Norwich CityIreland1Adam Idah
12%
Leicester CityNigeria6Ademola Lookman
12%
EvertonEngland3Andros Townsend
12%
Aston VillaEngland1Calum Chambers
12%
WolvesPortugal2Francisco Trincao
12%
BurnleyEngland1Jack Cork
12%
Leeds UnitedEngland2Joe Gelhardt
12%
Newcastle UnitedEngland2Jonjo Shelvey
12%
BrentfordDenmark1Mads Roerslev
12%
BurnleyIreland2Nathan Collins
12%
Norwich CityFrance1Pierre Lees-Melou
12%
BrentfordIran1Saman Ghoddos
12%
BrentfordGrenada1Shandon Baptiste
12%
Norwich CityIreland1Andrew Omobamidele
6%
EvertonEngland1Jarrad Branthwaite
6%
Newcastle UnitedIreland1Jeff Hendrick
6%
Norwich CityScotland1Kenny McLean
6%
West Ham UnitedEngland1Mark Noble
6%
BrentfordDenmark1Mathias Jorgensen
6%
BurnleyEngland2Aaron Lennon
0%
WatfordEngland1Dan Gosling
0%
Newcastle UnitedEngland1Isaac Hayden
0%
Norwich CityEngland1Kieran Dowell
0%

Score Distribution

Percentile by Number Answered

Percent of People with Each Score

Your Score History

You have not taken this quiz since the last reset